| Tag |
First Indicator |
Second Indicator |
Subfields |
| LEADER |
00000cam a2200000 a 4500 |
| 001 |
in00000016427 |
| 005 |
20220103134321.0 |
| 007 |
cr unu a |
| 008 |
880525s1986 xx a b 00010 eng d |
| 035 |
|
|
|9 AAA9116AM
|
| 035 |
|
|
|a (OCoLC)18001438
|
| 040 |
|
|
|a TXA
|c TXA
|d UtOrBLW
|
| 049 |
|
|
|a TXAZ [Also in] [Archives]
|c 1 [A09509367], 2 [A09509375]
|
| 099 |
|
|
|a 1986
|a Thesis
|a R266
|
| 100 |
1 |
|
|a Rayhorn, James Edwin,
|d 1959-
|
| 245 |
1 |
4 |
|a The elastic stress tensor of an axially symmetric three-layered earth model /
|c by James Edwin Rayhorn, Jr.
|
| 264 |
|
1 |
|a [Place of publication not identified] :
|b [publisher not identified] ;
|c 1986.
|
| 300 |
|
|
|a vii, 30 leaves :
|b illustrations ;
|c 29 cm.
|
| 336 |
|
|
|a text
|b txt
|2 rdacontent
|
| 337 |
|
|
|a computer
|b c
|2 rdamedia
|
| 338 |
|
|
|a online resource
|b cr
|2 rdacarrier
|
| 500 |
|
|
|a "Major subject: Geophysics."
|
| 500 |
|
|
|a Typescript (photocopy).
|
| 500 |
|
|
|a Vita.
|
| 502 |
|
|
|b M.S.
|c Texas A&M University
|d 1986.
|
| 504 |
|
|
|a Bibliography: leaves 28-29.
|
| 530 |
|
|
|a Also available online.
|
| 650 |
|
0 |
|a Elastic waves.
|
| 650 |
|
0 |
|a Seismology
|x Research.
|
| 650 |
|
4 |
|a Major geophysics.
|
| 651 |
|
0 |
|a Earth (Planet)
|x Internal structure.
|
| 856 |
4 |
1 |
|u https://hdl.handle.net/1969.1/ETD-TAMU-1986-THESIS-R266
|z Link to OAKTrust copy
|t 0
|
| 999 |
|
|
|a MARS
|
| 999 |
f |
f |
|s 4d2aa246-91b8-3e5f-9f8a-96bca962855b
|i 5635012e-e426-3e23-a7f9-ca421c90da44
|t 0
|
| 952 |
f |
f |
|p noncirc
|a Texas A&M University
|b J.J. Pickle Campus
|c High Density Repository
|s HDR
|d Remote Storage
|t 0
|e 1986 Thesis R266
|h Other scheme
|i computer -- online resource
|m A14839617695
|
| 952 |
f |
f |
|a Texas A&M University
|b College Station
|c Electronic Resources
|s www_evans
|d Available Online
|t 0
|e 1986 Thesis R266
|h Other scheme
|
| 998 |
f |
f |
|a 1986 Thesis R266
|t 0
|l Available Online
|
| 998 |
f |
f |
|a 1986 Thesis R266
|t 0
|l Remote Storage
|